<?xml version="1.0" encoding="UTF-8"?>
<collection xmlns="http://www.loc.gov/MARC21/slim">
 <record>
  <leader>02455cam a2200433   4500</leader>
  <controlfield tag="001">1620133059</controlfield>
  <controlfield tag="003">DE-627</controlfield>
  <controlfield tag="005">20231017022232.0</controlfield>
  <controlfield tag="007">tu</controlfield>
  <controlfield tag="008">121213s2012    gw ||||| c    00| ||ger c</controlfield>
  <datafield tag="020" ind1=" " ind2=" ">
   <subfield code="a">9783930618033</subfield>
   <subfield code="c">EUR 35.00</subfield>
   <subfield code="9">978-3-930618-03-3</subfield>
  </datafield>
  <datafield tag="035" ind1=" " ind2=" ">
   <subfield code="a">(DE-627)1620133059</subfield>
  </datafield>
  <datafield tag="035" ind1=" " ind2=" ">
   <subfield code="a">(DE-576)376387068</subfield>
  </datafield>
  <datafield tag="035" ind1=" " ind2=" ">
   <subfield code="a">(DE-599)BSZ376387068</subfield>
  </datafield>
  <datafield tag="035" ind1=" " ind2=" ">
   <subfield code="a">(OCoLC)985112150</subfield>
  </datafield>
  <datafield tag="040" ind1=" " ind2=" ">
   <subfield code="a">DE-627</subfield>
   <subfield code="b">ger</subfield>
   <subfield code="c">DE-627</subfield>
   <subfield code="e">rakwb</subfield>
  </datafield>
  <datafield tag="041" ind1=" " ind2=" ">
   <subfield code="a">ger</subfield>
  </datafield>
  <datafield tag="044" ind1=" " ind2=" ">
   <subfield code="c">XA-DE-BY</subfield>
  </datafield>
  <datafield tag="084" ind1=" " ind2=" ">
   <subfield code="a">9,10</subfield>
   <subfield code="2">ssgn</subfield>
  </datafield>
  <datafield tag="245" ind1="1" ind2="0">
   <subfield code="a">Seelenkind</subfield>
   <subfield code="b">verehrt, verwöhnt, verklärt; das Jesuskind in Bayerns Frauenklöstern; [diese Publikation erscheint anlässlich der Ausstellung &quot;Seelenkind. Verehrt, Verwöhnt, Verklärt. Das Jesuskind in Bayerns Frauenklöstern&quot; im Diözesanmuseum Freising, 25. November 2012 bis 10. Februar 2013]</subfield>
   <subfield code="c">[hrsg. vom Kuratorium: Bernhard Haßlberger ... Red.: Christoph Kürzeder ...]</subfield>
  </datafield>
  <datafield tag="250" ind1=" " ind2=" ">
   <subfield code="a">1. Aufl.</subfield>
  </datafield>
  <datafield tag="264" ind1=" " ind2="1">
   <subfield code="a">Freising</subfield>
   <subfield code="b">Diözesanmuseum</subfield>
   <subfield code="c">2012</subfield>
  </datafield>
  <datafield tag="300" ind1=" " ind2=" ">
   <subfield code="a">390 S.</subfield>
   <subfield code="b">überw. Ill.</subfield>
  </datafield>
  <datafield tag="336" ind1=" " ind2=" ">
   <subfield code="a">Text</subfield>
   <subfield code="b">txt</subfield>
   <subfield code="2">rdacontent</subfield>
  </datafield>
  <datafield tag="336" ind1=" " ind2=" ">
   <subfield code="a">unbewegtes Bild</subfield>
   <subfield code="b">sti</subfield>
   <subfield code="2">rdacontent</subfield>
  </datafield>
  <datafield tag="337" ind1=" " ind2=" ">
   <subfield code="a">ohne Hilfsmittel zu benutzen</subfield>
   <subfield code="b">n</subfield>
   <subfield code="2">rdamedia</subfield>
  </datafield>
  <datafield tag="338" ind1=" " ind2=" ">
   <subfield code="a">Band</subfield>
   <subfield code="b">nc</subfield>
   <subfield code="2">rdacarrier</subfield>
  </datafield>
  <datafield tag="490" ind1="1" ind2=" ">
   <subfield code="a">Diözesanmuseum für christliche Kunst des Erzbistums München und Freising</subfield>
   <subfield code="v">Bd. 55</subfield>
  </datafield>
  <datafield tag="500" ind1=" " ind2=" ">
   <subfield code="a">Literaturverz. S. 387 - 389</subfield>
  </datafield>
  <datafield tag="655" ind1=" " ind2="7">
   <subfield code="a">Ausstellungskatalog</subfield>
   <subfield code="0">(DE-588)4135467-9</subfield>
   <subfield code="0">(DE-627)10566491X</subfield>
   <subfield code="0">(DE-576)209660988</subfield>
   <subfield code="2">gnd-content</subfield>
  </datafield>
  <datafield tag="700" ind1="1" ind2=" ">
   <subfield code="a">Hasslberger, Bernhard</subfield>
   <subfield code="e">Hrsg.</subfield>
   <subfield code="4">edt</subfield>
  </datafield>
  <datafield tag="700" ind1="1" ind2=" ">
   <subfield code="a">Kürzeder, Christoph</subfield>
   <subfield code="d">1965-</subfield>
   <subfield code="e">Red.</subfield>
   <subfield code="0">(DE-588)114124035</subfield>
   <subfield code="0">(DE-627)502583355</subfield>
   <subfield code="0">(DE-576)289786576</subfield>
   <subfield code="4">adp</subfield>
  </datafield>
  <datafield tag="710" ind1="2" ind2=" ">
   <subfield code="a">Diözesanmuseum Freising</subfield>
   <subfield code="0">(DE-588)2051171-1</subfield>
   <subfield code="0">(DE-627)103072403</subfield>
   <subfield code="0">(DE-576)191992356</subfield>
   <subfield code="4">oth</subfield>
  </datafield>
  <datafield tag="711" ind1="2" ind2=" ">
   <subfield code="a">Ausstellung Seelenkind - Verehrt, Verwöhnt, Verklärt. Das Jesuskind in Bayerns Frauenklöstern</subfield>
   <subfield code="d">2012-2013</subfield>
   <subfield code="c">Freising</subfield>
   <subfield code="0">(DE-588)1029907099</subfield>
   <subfield code="0">(DE-627)734429932</subfield>
   <subfield code="0">(DE-576)377746908</subfield>
   <subfield code="4">oth</subfield>
  </datafield>
  <datafield tag="787" ind1="0" ind2="8">
   <subfield code="i">Rezensiert in</subfield>
   <subfield code="a">Muhr, Barbara, 1988 - </subfield>
   <subfield code="t">[Rezension von: Bernhard Haßlberger, Norbert Jocher, Norbert Knopp, Christoph Kürzeder, Markus Reif, Kuratorium des Diözesanmuseums Freising (Hrsg.), Seelenkind, Verehrt, Das Jesuskind in Frauenklöstern]</subfield>
   <subfield code="d">Regensburg : Schnell und Steiner, 2015</subfield>
   <subfield code="w">(DE-627)1680806246</subfield>
  </datafield>
  <datafield tag="810" ind1="2" ind2=" ">
   <subfield code="a">Diözesanmuseum Freising</subfield>
   <subfield code="t">Kataloge und Schriften</subfield>
   <subfield code="v">55</subfield>
   <subfield code="9">55</subfield>
   <subfield code="w">(DE-627)182266907</subfield>
   <subfield code="w">(DE-576)01427972X</subfield>
   <subfield code="w">(DE-600)1192121-3</subfield>
   <subfield code="7">ns</subfield>
  </datafield>
  <datafield tag="951" ind1=" " ind2=" ">
   <subfield code="a">BO</subfield>
  </datafield>
  <datafield tag="991" ind1=" " ind2=" ">
   <subfield code="a">Rezensiertes Werk</subfield>
  </datafield>
  <datafield tag="999" ind1=" " ind2=" ">
   <subfield code="a">KXP-PPN1620133059</subfield>
   <subfield code="e">4161529333</subfield>
  </datafield>
 </record>
</collection>
